<?xml version="1.0" encoding="UTF-8"?>
<collection xmlns="http://www.loc.gov/MARC21/slim">
 <record>
  <leader>00503nab a2200145 i 4500</leader>
  <controlfield tag="001">univ21185</controlfield>
  <controlfield tag="005">20171214104619.0</controlfield>
  <controlfield tag="008">171214s2002    hu      o     0||   zxx d</controlfield>
  <datafield tag="040" ind1=" " ind2=" ">
   <subfield code="a">SZTE UnivHistória Repozitórium</subfield>
   <subfield code="b">hun</subfield>
  </datafield>
  <datafield tag="041" ind1=" " ind2=" ">
   <subfield code="a">zxx</subfield>
  </datafield>
  <datafield tag="245" ind1="0" ind2="0">
   <subfield code="a">Korognai</subfield>
   <subfield code="h">[elektronikus dokumentum] :</subfield>
   <subfield code="b">sikerévad rekordbevétellel : Zsótér Sándor Britten-produkcióját meghívták a velencei Biennáléra</subfield>
  </datafield>
  <datafield tag="260" ind1=" " ind2=" ">
   <subfield code="c">2002-06-01</subfield>
  </datafield>
  <datafield tag="490" ind1="0" ind2=" ">
   <subfield code="a">Délmagyarország</subfield>
  </datafield>
  <datafield tag="561" ind1=" " ind2=" ">
   <subfield code="a">Egyetemi hirarchívum</subfield>
  </datafield>
  <datafield tag="695" ind1=" " ind2=" ">
   <subfield code="a">Díjak a színháznak</subfield>
  </datafield>
 </record>
</collection>
